| 000 | 00509cam a22001814a 4500 | ||
|---|---|---|---|
| 005 | 20250605164243.0 | ||
| 008 | 250528s ||||||||||||||||||||||||d | ||
| 035 | _a21393 | ||
| 040 |
_aGR-AtMCL _bgre _dGR-AtMCL _eAACR2 |
||
| 245 | 1 | _aΕΙΣΑΓΩΓΗ ΣΤΗΝ ΟΙΚΟΝΟΜΙΚΗ ΘΕΩΡΙΑ ΤΟΜΟΣ Β | |
| 250 | _a4 | ||
| 260 |
_bΑυτοεκδοση, _c2000 |
||
| 300 | _a545 | ||
| 700 | 1 |
_aΡαφτης Τριανταφυλλος Ελ _97439 |
|
| 942 | _cBK | ||
| 999 |
_c6456 _d6456 |
||